Normal view
MARC view
Entry Personal Name
001 - CONTROL NUMBER
- control field: 8072
003 - CONTROL NUMBER IDENTIFIER
- control field: ARRUPE
005 - DATE AND TIME OF LATEST TRANSACTION
- control field: 20140206112933.0
008 - FIXED-LENGTH DATA ELEMENTS
- fixed length control field: 140206|| aca||aabn | a|a d
040 ## - CATALOGING SOURCE
- Original cataloging agency: ARRUPE
- Transcribing agency: ARRUPE
100 ## - HEADING--PERSONAL NAME
- Personal name: Chervin, Ronda
670 ## - SOURCE DATA FOUND
- Source citation: Work cat.: (ARRUPE): Chervin, Ronda, Bread from heaven, 1994